[Event "Graz op-B"]
[Site "Graz"]
[Date "2008.09.02"]
[Round "4"]
[White "Dzambo, Mirko"]
[Black "Reibenbacher, Manfred"]
[Result "0-1"]
[WhiteElo "1592"]
[BlackElo "1776"]
[PlyCount "66"]
[EventDate "2008.08.30"]
[EventType "swiss"]
[EventRounds "9"]
[EventCountry "AUT"]
[SourceTitle "EXT 2022"]
[Source "ChessBase"]
[SourceDate "2021.10.06"]
[SourceVersion "1"]
[SourceVersionDate "2021.10.06"]
[SourceQuality "1"]

1. e4 Nh6 2. d4 g6 3. h3 Bg7 4. Be3 f6 5. Bc4 e6 6. f4 d5 7. exd5 exd5 8. Bd3 Qe7 9. Qe2 0-0 10. Nc3 c6 11. 0-0-0 Bf5 12. g4 Bxd3 13. Qxd3 Nd7 14. a3 Rfe8 15. Re1 Qd6 16. Nf3 b5 17. Bd2 Nf7 18. Na2 Nb6 19. f5 g5 20. Bb4 Qd7 21. h4 h6 22. b3 Nd6 23. Nc3 Rxe1+ 24. Rxe1 Re8 25. Rh1 Ne4 26. Re1 Nf2 27. Rxe8+ Qxe8 28. Qf1 Qe3+ 29. Nd2 gxh4 30. Nxb5 h3 31. Bd6 Bf8 32. Bc7 cxb5 33. b4 Nc4 0-1